Normal view
MARC view
Entry Topical Term
001 - CONTROL NUMBER
- control field: 26797
003 - CONTROL NUMBER IDENTIFIER
- control field: ARRUPE
005 - DATE AND TIME OF LATEST TRANSACTION
- control field: 20161017141119.0
008 - FIXED-LENGTH DATA ELEMENTS
- fixed length control field: 161017|| aca||aabn | a|a d
040 ## - CATALOGING SOURCE
- Original cataloging agency: ARRUPE
- Transcribing agency: ARRUPE
150 ## - HEADING--TOPICAL TERM
- Topical term or geographic name as entry element: Occupational training
- Geographic subdivision: Zimbabwe
- General subdivision: Directories.
670 ## - SOURCE DATA FOUND
- Source citation: Work cat.: (ARRUPE)0: Zimbabwe Non-Formal Education Section 26795, Directory of adult and community education agencies in Zimbabwe., 1983